000 00767nam a22002297a 4500
005 20170124110013.0
010 _aA-893732
020 _c295.00
_a8185411107
035 _aA-893732
037 _bCen Lib/Ret
040 _aDPL
_bEN
082 _a301.153
_bRAY
245 _aGandhi's campaign against untouchability, 1933-34 :
_cedited by Baren Ray
_ban account from the Raj's secret official reports /
246 _b
260 _aNew Delhi
_bGandhi Peace Foundation
_c1996
270 _a221-223, Deen Dayal Upadhyaya Marg
_bNew Delhi
_e110002
300 _a254p.
_c22cm(Hb)
650 _aDalits--Social conditions
_97271
650 _aIndic literature--Dalit authors
_918250
700 _aRay, Baren
_918251
942 _2ddc
_cEN
_h301.153
_mRAY
999 _c126705
_d126705